La personalité humaine (Record no. 113211)

MARC details
000 -LEADER
campo de control de longitud fija 00589nam a2200169 4500
001 - NÚMERO DE CONTROL
campo de control 113211
003 - IDENTIFICADOR DE NÚMERO DE CONTROL
campo de control ES-MaACL
005 - FECHA Y HORA DE LA ÚLTIMA TRANSACCIÓN
campo de control 20230906185810.0
007 - CAMPO FIJO DE DESCRIPCIÓN FÍSICA--INFORMACIÓN GENERAL
campo de control de longitud fija t|
008 - DATOS DE LONGITUD FIJA--INFORMACIÓN GENERAL
campo de control de longitud fija 061121s1905 fr r ||||1| fre d
100 1# - ENTRADA PRINCIPAL--NOMBRE DE PERSONA
Nombre de persona Myers, Frederic William Henry.
9 (RLIN) 130339
245 13 - MENCIÓN DEL TÍTULO
Título La personalité humaine
Resto del título : la survivance , ses manifestations supranormales /
Mención de responsabilidad, etc. par Frederic W. H. Myers ; traductionet adaptacion par le Dr. S. Jan Kelevith.
260 ## - PUBLICACIÓN, DISTRIBUCIÓN, ETC.
Lugar de publicación, distribución, etc. Paris :
Nombre del editor, distribuidor, etc. Chartres- Durand,
Fecha de publicación, distribución, etc. 1905.
300 ## - DESCRIPCIÓN FÍSICA
Extensión XVI, 421 p. ;
Dimensiones 23 cm.
700 1# - ENTRADA AGREGADA--NOMBRE PERSONAL
Nombre de persona Jan Kelevith, S.
9 (RLIN) 65992
852 ## - LOCALIZACIÓN
Ubicación ES-MaACL
Número de control de estantería B-6880
Holdings
Estatus retirado Estado de pérdida Estado de daño No para préstamo Biblioteca de origen Biblioteca actual Ubicación en estantería Fecha de adquisición Fuente de adquisición Total de préstamos Signatura topográfica completa Código de barras Visto por última vez Precio de reemplazo Tipo de ítem Koha
        Biblioteca del Ateneo de Madrid Biblioteca del Ateneo de Madrid Sala Pardo Bazán 17/01/2008     B-6880 1118083 23/02/2023 23/02/2023 Libro impreso